000 00438nam a2200145 i 4500
001 71969
003 ES-MaACL
005 20230906171306.0
007 t|
008 040823s1911 sp ||||1| spa d
100 1 _aGil Alvaro, Antonio.
_956765
245 1 0 _aHistoria del Regimiento Inmemorial del Rey, 1º de línea /
_cAntonio Gil Alvaro.
260 _aMadrid :
_b[s.n.,
_c1911] (
_fImp. de Cleto Vallinas)
852 _aES-MaACL
_j1628-F-14
999 _c71969
_d71969